EVOLution - Album (Sabrina Carpenter) - Statistics

General Stats
  • This quiz has been taken 13 times
  • The average score is 9 of 10
Answer Stats
# Title % Correct
10. All We Have Is Love
100%
2. Feels Like Loneliness
100%
6. Mirage
100%
1. On Purpose
100%
5. Run and Hide
100%
8. Shadows
100%
9. Space
100%
3. Thumbs
80%
7. Don't Want It Back
60%
4. No Words
60%
No matching quizzes found
Score Distribution
Percent of People with Each Score
Percentile by Number Answered
Your Score History
You have not taken this quiz